Narodowości piłkarzy - Statystyki

Ogólne statystyki
  • Ten quiz został rozwiązany 111 razy
  • Średni wynik to 8 z 15
Statystyki odpowiedzi
Piłkarz Narodowość % Poprawnych
Nani Portugalia
95%
Smolov Rosja
90%
Milenković Serbia
78%
Dier Anglia
77%
Ishak Szwecja
76%
Pyatov Ukraina
72%
Valencia Ekwador
60%
Duffy Irlandia
60%
Nyyland Norwegia
50%
Jach Polska
47%
Sagna Francja
46%
Wes Morgan Jamajka
30%
Natcho Izrael
16%
Mojica Kolumbia
15%
Ze Luis Wyspy Zielonego Przylądka
9%
Nie znaleziono quizów pasujących do podanych kryteriów
Rozkład punktacji
Procent ludzi z każdym wynikiem
Percentyl według liczby udzielonych odpowiedzi
Twoja historia wyników
Nie rozwiązałeś tego quizu